Statistics for Every European capital of Culture

Click here to take the quiz!

General Stats

  • This quiz has been taken 30 times
  • The average score is 26 of 65

Answer Stats

PopulationCity% Correct
3.677.472Berlin
93%
2.165.423Paris
93%
903.399Amsterdam
89%
15.204.387Istanbul
86%
188.737Brussels
79%
644.431Copenhagen
79%
588.233Dublin
79%
544.851Lisbon
79%
3.305.408Madrid
79%
637.798Athens
75%
367.150Florence
75%
1.301.432Prague
71%
655.468Rotterdam
71%
978.770Stockholm
71%
658.457Helsinki
68%
870.731Marseille
64%
632.330Glasgow
61%
231.962Porto
61%
620.974Riga
61%
437.817Tallinn
57%
589.774Liverpool
54%
546.155Vilnius
54%
530.630Antwerp
50%
130.119Cork
50%
779.966Krakow
50%
128.494Luxembourg
50%
128.494Luxembourg
50%
355.238Aarhus
43%
286.930Bergen
43%
392.203Bologna
43%
292.630Graz
43%
234.475Lille
43%
96.545Mons
43%
236.518Reykjavik
43%
317.778Thessaloniki
43%
5.157Valletta
43%
560.688Genoa
39%
118.509Bruges
36%
195.137Turku
36%
579.432Essen
32%
641.928Wroclaw
32%
207.247Linz
29%
319.612Plovdiv
25%
83.456Galway
21%
298.753Kaunas
18%
227.458Kosice
18%
231.798Novi Sad
18%
32.892Paphos
11%
211.593Patras
11%
174.007Plzen
11%
144.699Stavanger
11%
96.302Maribor
7%
142.873Pecs
7%
108.622Rijeka
7%
143.269Salamanca
7%
188.102San Sebastian
7%
145.200Sibiu
7%
91.143Avignon
4%
54.750Guimarães
4%
59.869Matera
4%
36.177Esch-sur-Alzette
0%
125.504Leeuwarden
0%
97.858Santiago de Compostela
0%
130.997Umea
0%
65.138Weimar
0%

Score Distribution

Percentile by Number Answered

Percent of People with Each Score

Your Score History

You have not taken this quiz